00145 a2200061 4500020001800000082001900018245004600037 a9780431114798 223aT 323 KRAM aBehind the news Human rights:who decides?